01415nam a2200349 a 4500001001000000003000500010005001700015008004100032010001100073011001100084040000900095090001000104100004400114245016800158260004100326500006000367502007500427590004100502590004000543590004000583590004000623590004000663650003900703650004500742650003500787856007000822901000700892942001000899942000600909999001900915952013100934000115338CHAP20220329144530.0190513s2018 mx a sm |||||||spa d a111799 a112771 cCHAP aTesis1 aCerecedo Martínez, Joaquín.913556610aRespuesta productiva de pollos de engorda con una dieta de 20% de proteína y suplementados con o sin proteasa /h[En línea]cpor Joaquín Cerecedo Martínez. aChapingo, Méx. :bEl autor,c2018. aPara ver el contenido del material haga clic en la liga aTesis (Ing. Agr. Esp. en Zootecnia) -- UACH. Departamento de Zootecnia aBATCH-UPDb05c20190513lUCH01h1418 aE8697GMMb05c20190513lUCH01h1017 aE8697GMMb05c20190513lUCH01h1021 aE8697GMMb05c20190513lUCH01h1023 aE8697GMMb05c20190513lUCH01h141714aAves de corralxNutrición.9867214aPollos de engordexProducción.912723014aPollosxAlimentación.990268 aFinding aiduhttp://10.13.5.2/tesis/sist115338.pdfzTeclea aquí aBK cTESIS n0 c111799d111799 00104054718TESISaBCbBCd2019-05-13fTESISl0oTesisp115346-10r2019-12-31 00:00:00w2019-12-31yTESISzRecien adquirido